| 000 | 00656nmm a2200193Ia 4500 | ||
|---|---|---|---|
| 008 | 251105s9999||||xx |||||||||||||||||und|| | ||
| 020 | _a9789560100115 | ||
| 041 | _aspa | ||
| 100 | _aNúñez, Andrés | ||
| 245 | 0 | _aFronteras en movimiento e imaginarios geográficos : la cordillera de Los Andes como espacialidad sociocultural | |
| 264 |
_a[Santiago de Chile, Chile] : _bRil editores, _c2013 |
||
| 300 | _a488 páginas | ||
| 650 | _aHistory of the Americas: Latin America | ||
| 700 | _aNúñez, Andrés | ||
| 700 | 1 | _a Sánchez, Rafael | |
| 700 | 1 | _a Arenas, Federico | |
| 856 | _uhttps://public.digitaliapublishing.com/a/25282 | ||
| 942 | _cCF | ||
| 999 |
_c69429 _d69429 |
||